00369nam a22001337a 450000500170000000800410001704100130005808200120007110000130008324500350009626000470013130000310017865000260020920240724132912.0240724b |||||||| |||| 00| 0 eng d aEnglish  a349 SOU lEnglish  aThe South African Law Reports  aCape Town: bJuta and Company Ltd, c1924  bxiii, 758 pages; c25 cm.  aLegal practice bLaw